| 000 | 00682nam a2200229 a 4500 | ||
|---|---|---|---|
| 999 |
_c3134 _d3134 |
||
| 001 | 3134 | ||
| 003 | BD-JhCC | ||
| 005 | 20171111124134.0 | ||
| 008 | 171111s19711974bg |||| ||a| 000 0 ben d | ||
| 035 | _a(BD-JhCC)3134 | ||
| 040 |
_aBD-JhCC _dBD-JhCC |
||
| 041 | _aben | ||
| 082 |
_a891.4409 _bKHA 1971 |
||
| 100 | _aখান, মোহাম্মদ তোহা | ||
| 245 |
_aরূপসী সুন্দরবন / _cমোহাম্মদ তোহা খান |
||
| 260 |
_aঢাকা : _bলালন প্রকাশনী, _c1971. |
||
| 300 |
_a223 p. : _c21 cm. |
||
| 650 | _aBengali Literature | ||
| 650 | _aSundarban | ||
| 942 |
_2ddc _cBK |
||